| 000 | 00653nam a2200277Ia 4500 | ||
|---|---|---|---|
| 001 | Z_4223 | ||
| 003 | CHAP | ||
| 008 | 220113s2000 xx 000 0 und d | ||
| 010 | _a167287 | ||
| 040 | _cCHAP | ||
| 082 | _a860 R83 | ||
| 100 |
_aRodríguez, Juan José _9141458 |
||
| 245 |
_aEl gran invento del siglo XX / _cpor Juan José Rodríguez |
||
| 260 |
_aMéxico, D. F. : _bPlaneta, _c2000 |
||
| 300 | _a265 p. | ||
| 440 |
_aNarrativa Actual Mexicana _9140381 |
||
| 500 | _a | ||
| 503 | _a | ||
| 650 | _aLiteratura mexicana I. t. | ||
| 901 | _a860 R83 | ||
| 902 | _aA | ||
| 910 | _a2000 | ||
| 942 | _c1 | ||
| 942 | _cc1 | ||
| 999 |
_c167287 _d167287 |
||